<?xml version="1.0" encoding="UTF-8"?>
<record
    xmlns:xsi="http://www.w3.org/2001/XMLSchema-instance"
    xsi:schemaLocation="http://www.loc.gov/MARC21/slim http://www.loc.gov/standards/marcxml/schema/MARC21slim.xsd"
    xmlns="http://www.loc.gov/MARC21/slim">

  <leader>01273nab a2200325 uc4500</leader>
  <controlfield tag="001">783405</controlfield>
  <controlfield tag="005">20240822093300.0</controlfield>
  <controlfield tag="008">021031s2000                        spa  </controlfield>
  <datafield tag="035" ind1=" " ind2=" ">
    <subfield code="a">783405</subfield>
  </datafield>
  <datafield tag="035" ind1=" " ind2=" ">
    <subfield code="a">(OCoLC)819996259</subfield>
  </datafield>
  <datafield tag="040" ind1=" " ind2=" ">
    <subfield code="c">comduadb</subfield>
  </datafield>
  <datafield tag="041" ind1=" " ind2=" ">
    <subfield code="a">spa</subfield>
  </datafield>
  <datafield tag="100" ind1="1" ind2="0">
    <subfield code="a">Vilar, Xavier</subfield>
    <subfield code="4">aut</subfield>
    <subfield code="e">aut</subfield>
    <subfield code="9">533809</subfield>
  </datafield>
  <datafield tag="245" ind1="1" ind2="3">
    <subfield code="a">La participacion femenina en la guerrilla argentina, 1966-1976 : desigualdad o reproduccion social</subfield>
  </datafield>
  <datafield tag="650" ind1=" " ind2="7">
    <subfield code="a">Antropolog&#xED;a social</subfield>
    <subfield code="2">lemb</subfield>
    <subfield code="9">32646</subfield>
  </datafield>
  <datafield tag="650" ind1=" " ind2="7">
    <subfield code="a">Antropolog&#xED;a pol&#xED;tica</subfield>
    <subfield code="2">lemb</subfield>
    <subfield code="9">41152</subfield>
  </datafield>
  <datafield tag="650" ind1=" " ind2=" ">
    <subfield code="a">Movimientos pol&#xED;ticos - Argentina</subfield>
    <subfield code="9">108816</subfield>
  </datafield>
  <datafield tag="650" ind1=" " ind2=" ">
    <subfield code="a">Izquierda (Pol&#xED;tica) - Argentina</subfield>
    <subfield code="9">128479</subfield>
  </datafield>
  <datafield tag="650" ind1=" " ind2=" ">
    <subfield code="a">Cultura pol&#xED;tica - Argentina</subfield>
    <subfield code="9">109271</subfield>
  </datafield>
  <datafield tag="650" ind1=" " ind2=" ">
    <subfield code="a">Mujeres y pol&#xED;tica</subfield>
    <subfield code="9">83865</subfield>
  </datafield>
  <datafield tag="650" ind1=" " ind2="7">
    <subfield code="a">Mujeres en la guerra</subfield>
    <subfield code="2">lemb</subfield>
    <subfield code="9">36706</subfield>
  </datafield>
  <datafield tag="650" ind1=" " ind2=" ">
    <subfield code="a">Mujeres en la guerrilla</subfield>
    <subfield code="9">172031</subfield>
  </datafield>
  <datafield tag="650" ind1=" " ind2=" ">
    <subfield code="a">Argentina - Pol&#xED;tica social - 1966-1976</subfield>
    <subfield code="9">111940</subfield>
  </datafield>
  <datafield tag="650" ind1=" " ind2=" ">
    <subfield code="a">Montoneros</subfield>
    <subfield code="9">111499</subfield>
  </datafield>
  <datafield tag="650" ind1=" " ind2=" ">
    <subfield code="a">PRT (Partido Revolucionario de los Trabajadores)</subfield>
    <subfield code="9">111942</subfield>
  </datafield>
  <datafield tag="650" ind1=" " ind2=" ">
    <subfield code="a">ERP (Ejercito Revolucionario del Pueblo)</subfield>
    <subfield code="9">111943</subfield>
  </datafield>
  <datafield tag="650" ind1=" " ind2=" ">
    <subfield code="a">FAR (Fuerzas Armadas Revolucionarias de Argentina)</subfield>
    <subfield code="9">111944</subfield>
  </datafield>
  <datafield tag="773" ind1="0" ind2=" ">
    <subfield code="t">Virajes (Manizales)</subfield>
    <subfield code="g">Vol. 02, No. 02, Mar. 2000, p. 28-38</subfield>
    <subfield code="w">777179</subfield>
    <subfield code="x">0123-4471</subfield>
    <subfield code="0">264495</subfield>
  </datafield>
  <datafield tag="942" ind1=" " ind2=" ">
    <subfield code="c">ARIMP</subfield>
  </datafield>
  <datafield tag="999" ind1=" " ind2=" ">
    <subfield code="c">265797</subfield>
    <subfield code="d">265797</subfield>
  </datafield>
</record>
